đź“– 150 premiers mots "La loi du rĂŞveur" Daniel Pennac - Statistiques

Statistiques générales
  • Ce quiz a Ă©tĂ© pris 5 fois
  • Le rĂ©sultat moyen est 95 sur 150
Statistiques - réponses
Mots % Correct
Ă 
100%
a
100%
c'
100%
C'
100%
d'
100%
de
100%
-De
100%
des
100%
eau.
100%
eau,
100%
es
100%
est
100%
et
100%
Fellini
100%
Frederico
100%
J'
100%
j'
100%
je
100%
l'
100%
la
100%
-La
100%
le
100%
-Le
100%
Louis.
100%
Louis
100%
ma
100%
nous,
100%
on
100%
son
100%
suis
100%
t'
100%
tu
100%
un
100%
Vercors,
100%
au-
80%
avais
80%
avec
80%
ça ?
80%
ce
80%
dans
80%
mon
80%
Pour
80%
qu'
80%
que
80%
-Qui
80%
sûr
80%
avait
60%
cette
60%
dessus
60%
dis ?
60%
dont
60%
enfant,
60%
lit
60%
lui
60%
mien,
60%
moi
60%
ans
40%
Celle
40%
dix
40%
entre
40%
était
40%
nos
40%
notre
40%
nuit
40%
raconté
40%
tĂŞtes.
40%
autant
20%
chambre
20%
copain
20%
dernière, ...
20%
maître,
20%
meilleur
20%
puisse
20%
semaine
20%
très
20%
accroché
0%
affirmais
0%
ampoules
0%
blanche
0%
chevet ?
0%
chevet
0%
coloré
0%
conversation
0%
dater
0%
décor.
0%
dessin
0%
devenu
0%
écrivain
0%
électrique ?
0%
flotte ?
0%
genre
0%
invité
0%
jaune
0%
lampe
0%
lieu
0%
lumière
0%
naissance,
0%
néons,
0%
-Oui,
0%
-Parfaitement,
0%
perpétuel :
0%
tombée,
0%
Aucun quiz correspondant
Distribution des résultats
% des personnes avec chaque résultat
Percentile par nombre de réponses
Votre historique - résultats
Vous n’avez pas pris ce quiz